Statistics for Name a Valid Taylor Swift Song

Click here to take the quiz!

General Stats

  • This quiz has been taken 174 times
  • The average score is 8 of 9

Answer Stats

HintAnswer% Correct
...that is one wordInvisible, Fearless, Fifteen, Change, Untouchable, SuperStar, Mine, Mean, Enchanted, Innocent, Haunted, Ours, Superman, Timeless, Red, 22, Starlight, Ronan, Babe, Style, Clean, Wonderland, Delicate, Gorgeous, Dress, Lover, Afterglow, Daylight, cardigan, exile, mirrorball, seven, august, epiphany, betty, peace, hoax, willow, happiness, dorothea, ivy, marjorie, closure, evermore, Maroon, Question...?, Bejeweled, Labyrinth, Karma, Mastermind, Paris, Glitch, Crazier, Macavity, Carolina
100%
...with a person's name in the titleTim McGraw, Mary's Song, Hey Stephen, Dear John, When Emma Falls in Love, Ronan, betty, dorothea, marjorie, Carolina,
99%
...that has a color in the titleWhite Christmas, White Horse, Red, gold rush, Lavender Haze, Maroon
99%
...that is the first song on the albumTim McGraw, Fearless, Mine, State of Grace, Welcome to New York, ...Ready for It?, I Forgot That You Existed, the 1, willow, Lavender Haze
97%
...from Taylor Swift's Debut albumTim McGraw, Picture to Burn, Teardrops on My Guitar, A Place in This World, Cold as You, The Outside, Tied Together with a Smile, Stay Beautiful, Should've Said No, Mary's Song, Our Song, I'm Only Me When I'm With You, Invisible, A Perfectly Good Heart
97%
...beginning with "The"The Outside, The Way I Loved You, The Best Day, The Other Side of the Door, The Story of Us, The Last Time, The Lucky One, The Moment I Knew, The Very First Night, The Man, The Archer, the 1, the last great american dynasty, the lakes, The Great War, The Joker and The Queen
96%
...that is explicitI Bet You Think About Me, All Too Well, the 1, the last great american dynasty, mad woman, betty, peace, champagne problems, gold rush, tis the damn season, tolerate it, happiness, ivy, cowboy like me, Lavender Haze, Maroon, Snow on The Beach, Question...?, Vigilante Shit, Karma
94%
...From the Vault of any Taylor's Version albumYou All Over Me, Mr. Perfectly Fine, We Were Happy, That's When, Don't You, Bye Bye Baby, Electric Touch, When Emma Falls in Love, I Can See You, Castles Crumbling, Foolish One, Timeless, Better Man, Nothing New, Babe, Message in a Bottle, I Bet You Think About Me, Forever Winter, Run, The Very First Night, All Too Well 10 Minute Version
94%
...that is a skit or parodyMonologue Song, Thug Story, Three Sad Virgins
57%

Score Distribution

Percentile by Number Answered

Percent of People with Each Score

Your Score History

You have not taken this quiz